[Event "Prague Menchik Memorial Rapid"]
[Site "Prague"]
[Date "2022.06.05"]
[Round "2"]
[White "Svacina, Petr"]
[Black "Varga, David"]
[Result "0-1"]
[WhiteElo "2030"]
[BlackElo "2323"]
[PlyCount "92"]
[EventDate "2022.06.05"]
[EventType "swiss (rapid)"]
[EventRounds "7"]
[EventCountry "CZE"]
[SourceTitle "CBM 208 Extra"]
[Source "ChessBase"]
[SourceDate "2022.07.31"]
[SourceVersion "1"]
[SourceVersionDate "2022.07.31"]
[SourceQuality "1"]

1. e4 e5 2. Nc3 Bb4 3. Nge2 Nf6 4. g3 0-0 5. Bg2 d6 6. 0-0 Bg4 7. h3 Bh5 8. g4 Bg6 9. Ng3 c6 10. d3 d5 11. Qe2 Re8 12. g5 Nfd7 13. h4 d4 14. Nd1 f6 15. Qg4 Bf7 16. f4 exf4 17. Bxf4 Be6 18. Nf5 Bf8 19. Qg3 Na6 20. Nf2 c5 21. Ng4 Nb4 22. Rf2 Rc8 23. gxf6 Nxf6 24. Bg5 Nxg4 25. Bxd8 Nxf2 26. Bg5 g6 27. Nh6+ Bxh6 28. Bxh6 Ng4 29. Bg5 Nxc2 30. Rc1 Nb4 31. Bh3 Ne5 32. Bxe6+ Rxe6 33. Bf4 Nexd3 34. Rf1 Rf8 35. Bh6 Rxf1+ 36. Kxf1 Ne5 37. h5 d3 38. a3 Nbc6 39. Bf4 c4 40. hxg6 Rxg6 41. Qh4 Kg7 42. Qh5 Rf6 43. Qg5+ Kf7 44. Ke1 Nf3+ 45. Kd1 Nxg5 46. Bxg5 Rf2 0-1

[Event "SVK-chT2A 1718"]
[Site "Slovakia"]
[Date "2018.02.24"]
[Round "8.2"]
[White "Danada, Tomas"]
[Black "Varga, David"]
[Result "1/2-1/2"]
[WhiteElo "2272"]
[BlackElo "2316"]
[PlyCount "142"]
[EventDate "2017.10.28"]
[EventType "team-tourn"]
[EventRounds "11"]
[EventCountry "SVK"]
[SourceTitle "EXT 2020"]
[Source "ChessBase"]
[SourceDate "2019.10.17"]
[SourceVersion "1"]
[SourceVersionDate "2019.10.17"]
[SourceQuality "1"]
[WhiteTeam "Gbely Nafta"]
[BlackTeam "Senec"]
[WhiteTeamCountry "SVK"]
[BlackTeamCountry "SVK"]

1. d4 Nf6 2. c4 c6 3. Nc3 d5 4. Nf3 e6 5. e3 Be7 6. b3 0-0 7. Bd3 Nbd7 8. 0-0 Bd6 9. Nd2 e5 10. cxd5 cxd5 11. Nb5 Bb8 12. Ba3 e4 13. Be2 a6 14. Nd6 Qe7 15. N6c4 Qe6 16. Bxf8 Nxf8 17. Ne5 Bxe5 18. dxe5 Qxe5 19. Rc1 Ng6 20. Re1 h5 21. Qc2 Qg5 22. Qc7 Kh7 23. Qg3 Qf5 24. Rc7 Ne8 25. Rc5 b6 26. Rc6 Bd7 27. Rxb6 d4 28. Rxg6 fxg6 29. exd4 Qa5 30. Qe3 Nd6 31. Rc1 Qxa2 32. Bc4 Qb2 33. Qc3 Qxc3 34. Rxc3 a5 35. Bd5 Re8 36. Re3 Bf5 37. h3 g5 38. g4 hxg4 39. hxg4 Bxg4 40. Bxe4+ Nxe4 41. Nxe4 Kg6 42. Nd6 Rxe3 43. fxe3 Bd1 44. Nc4 Bxb3 45. Nxa5 Bd5 46. e4 Bxe4 47. Nc4 Kf5 48. Nd6+ Kf4 49. Ne8 g6 50. Nf6 Bf3 51. Kf2 g4 52. Nd7 g3+ 53. Kg1 g5 54. Ne5 Bd5 55. Nd7 Bf3 56. Ne5 Ba8 57. Nf7 Bb7 58. Ne5 Ke3 59. Nf7 Kxd4 60. Nxg5 Ke5 61. Nh3 Kf5 62. Nf2 Kf4 63. Nd3+ Ke3 64. Ne5 Ke4 65. Ng4 Bc6 66. Nf2+ Ke3 67. Ng4+ Ke2 68. Nh2 Bd5 69. Nf1 g2 70. Ng3+ Kf3 71. Nf5 Kf4 1/2-1/2

[Event "SVK-chT 1718"]
[Site "Slovakia"]
[Date "2018.01.07"]
[Round "8.5"]
[White "Motycakova, Monika"]
[Black "Varga, David"]
[Result "1/2-1/2"]
[WhiteElo "2158"]
[BlackElo "2304"]
[PlyCount "80"]
[EventDate "2017.09.30"]
[EventType "team-tourn"]
[EventRounds "11"]
[EventCountry "SVK"]
[SourceTitle "EXT 2019"]
[Source "ChessBase"]
[SourceDate "2018.10.10"]
[SourceVersion "1"]
[SourceVersionDate "2018.10.10"]
[SourceQuality "1"]
[WhiteTeam "Liptov Chess School"]
[BlackTeam "Dunajska Streda"]
[WhiteTeamCountry "SVK"]
[BlackTeamCountry "SVK"]

1. e4 e5 2. Nf3 Nf6 3. Nxe5 d6 4. Nf3 Nxe4 5. d4 d5 6. Bd3 Nc6 7. 0-0 Be7 8. Nbd2 Nxd2 9. Bxd2 Bg4 10. c3 Qd6 11. Re1 0-0-0 12. b4 Rde8 13. a4 Bf6 14. Rxe8+ Rxe8 15. a5 Nb8 16. Qa4 Nd7 17. Re1 Qf8 18. a6 Rxe1+ 19. Nxe1 Nb6 20. axb7+ Kb8 21. Qa6 Qe7 22. Nc2 Bg5 23. f4 Bf6 24. b5 Bd7 25. Nb4 Qe8 26. Qa5 Kxb7 27. Na6 Bc8 28. f5 Bd8 29. h3 c6 30. bxc6+ Qxc6 31. Bf4 Ka8 32. Bb5 Qf6 33. Be5 Qxf5 34. Nb4 Bg5 35. Nc6 Be3+ 36. Kh2 Bf4+ 37. Kg1 Be3+ 38. Kh2 Bf4+ 39. Kg1 Be3+ 40. Kh2 Bf4+ 1/2-1/2

[Event "SVK-chT2A 1617"]
[Site "Slovakia"]
[Date "2016.10.08"]
[Round "1.2"]
[White "Varga, David"]
[Black "Sosovicka, Matej"]
[Result "0-1"]
[WhiteElo "2288"]
[BlackElo "2190"]
[PlyCount "126"]
[EventDate "2016.10.08"]
[EventType "team-tourn"]
[EventRounds "11"]
[EventCountry "SVK"]
[SourceTitle "CBM 175 Extra"]
[Source "ChessBase"]
[SourceDate "2016.12.12"]
[SourceVersion "1"]
[SourceVersionDate "2016.12.12"]
[SourceQuality "1"]
[WhiteTeam "Senec"]
[BlackTeam "Devinska Nova Ves II"]
[WhiteTeamCountry "SVK"]
[BlackTeamCountry "SVK"]

1. e4 e5 2. Nf3 Nc6 3. Bb5 a6 4. Ba4 Nf6 5. 0-0 b5 6. Bb3 Bc5 7. h3 d6 8. c3 0-0 9. d4 Bb6 10. Re1 h6 11. Be3 Bb7 12. d5 Ne7 13. Bxb6 cxb6 14. g4 Ng6 15. Kh2 Nh7 16. Nbd2 Nf4 17. Re3 Bc8 18. Ng1 Ra7 19. Ne2 Qh4 20. Nxf4 exf4 21. Rd3 Qxf2+ 22. Kh1 g5 23. Bc2 Nf6 24. Qg1 Qxg1+ 25. Kxg1 Re8 26. Rd4 Nd7 27. a4 Ne5 28. axb5 a5 29. Kg2 Bd7 30. c4 Rc7 31. Bd1 Rec8 32. Be2 Kg7 33. Ra4 Kf6 34. b3 Be8 35. Ra1 Ra7 36. Nf3 Nxf3 37. Kxf3 Ke5 38. Rd2 Rac7 39. Rb2 f6 40. b4 axb4 41. Rxb4 Bg6 42. Kf2 Re7 43. Rba4 Rc5 44. Ra6 Rb7 45. Ra8 Rcc7 46. R1a6 Kd4 47. Rf8 Ke5 48. Rg8 Bxe4 49. Re8+ Kd4 50. c5 bxc5 51. b6 Re7 52. Rxe7 Rxe7 53. Ra7 Re8 54. Rc7 Rb8 55. b7 Bxd5 56. Ba6 c4 57. Ke1 c3 58. Kd1 f3 59. Kc2 f2 60. Rxc3 Bxb7 61. Bf1 Rc8 62. Rxc8 Bxc8 63. Kd2 Bb7 0-1

[Event "SVK-chT 1314"]
[Site "Slovakia"]
[Date "2014.03.08"]
[Round "7.7"]
[White "Podoba, Milan"]
[Black "Varga, David"]
[Result "0-1"]
[WhiteElo "2132"]
[BlackElo "2293"]
[PlyCount "66"]
[EventDate "2013.11.09"]
[EventType "team-tourn"]
[EventRounds "11"]
[EventCountry "SVK"]
[SourceTitle "EXT 2015"]
[Source "ChessBase"]
[SourceDate "2014.11.20"]
[SourceVersion "1"]
[SourceVersionDate "2014.11.20"]
[SourceQuality "1"]
[WhiteTeam "Dubnica nad Vahom"]
[BlackTeam "Dunajska Streda"]
[WhiteTeamCountry "SVK"]
[BlackTeamCountry "SVK"]

1. e4 e5 2. Nf3 Nf6 3. Nxe5 d6 4. Nf3 Nxe4 5. Nc3 Nxc3 6. dxc3 Be7 7. Be3 Nc6 8. Qd2 Ne5 9. Be2 Be6 10. Nd4 Bc4 11. 0-0-0 Qd7 12. b3 Bxe2 13. Qxe2 0-0 14. h3 c5 15. Nf3 Qc6 16. c4 Rfe8 17. Rd5 Nd7 18. Rhd1 Nf6 19. R5d3 b5 20. cxb5 Qxb5 21. c4 Qb7 22. Ne1 a5 23. Qf3 Qa6 24. a4 d5 25. Rxd5 Nxd5 26. Rxd5 Rab8 27. Kc2 Qb6 28. Bf4 Rb7 29. Qd3 Qb4 30. Nf3 Qa3 31. Bc1 Qa2+ 32. Bb2 Reb8 33. Nd2 Bf6 0-1

[Event "SVK-chT 1314"]
[Site "Slovakia"]
[Date "2014.01.25"]
[Round "5.8"]
[White "Jurov, Pavol"]
[Black "Varga, David"]
[Result "1-0"]
[WhiteElo "1909"]
[BlackElo "2293"]
[PlyCount "77"]
[EventDate "2013.11.09"]
[EventType "team-tourn"]
[EventRounds "11"]
[EventCountry "SVK"]
[SourceTitle "EXT 2015"]
[Source "ChessBase"]
[SourceDate "2014.11.20"]
[SourceVersion "1"]
[SourceVersionDate "2014.11.20"]
[SourceQuality "1"]
[WhiteTeam "Kosice Slavia TU"]
[BlackTeam "Dunajska Streda"]
[WhiteTeamCountry "SVK"]
[BlackTeamCountry "SVK"]

1. d4 Nf6 2. c4 g6 3. Nc3 Bg7 4. e4 d6 5. Nf3 0-0 6. Be2 Nc6 7. 0-0 e5 8. d5 Ne7 9. b4 Nh5 10. Re1 Nf4 11. Bf1 f5 12. Bxf4 exf4 13. e5 dxe5 14. Nxe5 a5 15. Qb3 axb4 16. Qxb4 f3 17. Nxf3 c5 18. Qb3 f4 19. Rad1 Nf5 20. Ne4 Nd4 21. Nxd4 Bxd4 22. Rxd4 cxd4 23. c5 Qa5 24. d6+ Kh8 25. Qd5 Qxe1 26. Qe5+ Kg8 27. Nf6+ Rxf6 28. Qxe1 Be6 29. Qe4 Ra4 30. Qxb7 Rxa2 31. h3 Ra1 32. Qb2 Rd1 33. Qc2 Ra1 34. c6 f3 35. d7 Rf8 36. Qc5 Rd8 37. Qxd4 Rc1 38. Qf6 Rxd7 39. cxd7 1-0

[Event "SVK-chT 1314"]
[Site "Slovakia"]
[Date "2013.11.10"]
[Round "2.8"]
[White "Varga, David"]
[Black "Nemergut, Patrik"]
[Result "0-1"]
[WhiteElo "2293"]
[BlackElo "1978"]
[PlyCount "104"]
[EventDate "2013.11.09"]
[EventType "team-tourn"]
[EventRounds "11"]
[EventCountry "SVK"]
[SourceTitle "CBM 157 Extra"]
[Source "ChessBase"]
[SourceDate "2013.12.19"]
[SourceVersion "1"]
[SourceVersionDate "2013.12.19"]
[SourceQuality "1"]
[WhiteTeam "Dunajska Streda"]
[BlackTeam "Stara Lubovna"]
[WhiteTeamCountry "SVK"]
[BlackTeamCountry "SVK"]

1. e4 e5 2. Nf3 Nc6 3. Bb5 a6 4. Ba4 f5 5. d3 Nf6 6. 0-0 d6 7. Re1 b5 8. Bb3 fxe4 9. Ng5 Bg4 10. Qd2 Nd4 11. Bf7+ Ke7 12. Nc3 c6 13. h3 Bxh3 14. Ncxe4 h6 15. gxh3 hxg5 16. Nxg5 Rxh3 17. Qf4 Kd7 18. Qxd4 Rh1+ 19. Kxh1 exd4 20. Bd2 a5 21. Re2 c5 22. Kg2 Kc6 23. Rae1 Ng4 24. Re8 Qf6 25. Rxa8 Qxf2+ 26. Kh3 Ne3 27. Bxe3 dxe3 28. Rh1 Be7 29. Ne4 Qxf7 30. Kg2 d5 31. Rf1 Qg6+ 32. Ng3 Kb7 33. Rh8 Bd6 34. Rh3 c4 35. Rd1 Qg4 36. Re1 d4 37. a4 cxd3 38. cxd3 Bb4 39. Re2 Qg6 40. Rh5 bxa4 41. Kf3 Bd6 42. Rh3 Qf7+ 43. Kg2 Qf4 44. Rc2 Qg4 45. Rc1 Kb6 46. Rf1 Kb5 47. Rf3 Qg6 48. Rh8 Qxd3 49. Rd8 Qd2+ 50. Kh3 Bxg3 51. Kxg3 e2 52. Rf5+ Kc6 0-1

[Event "SVK-chT 1213"]
[Site "Slovakia"]
[Date "2013.02.10"]
[Round "8.2"]
[White "Varga, David"]
[Black "Macko, Michal"]
[Result "1-0"]
[WhiteElo "2289"]
[BlackElo "2123"]
[PlyCount "57"]
[EventDate "2012.10.27"]
[EventType "team-tourn"]
[EventRounds "11"]
[EventCountry "SVK"]
[SourceTitle "EXT 2014"]
[Source "ChessBase"]
[SourceDate "2013.11.20"]
[SourceVersion "1"]
[SourceVersionDate "2013.11.20"]
[SourceQuality "1"]
[WhiteTeam "Dunajska Streda"]
[BlackTeam "Liptov Magic"]
[WhiteTeamCountry "SVK"]
[BlackTeamCountry "SVK"]

1. e4 c5 2. Nf3 Nc6 3. d4 cxd4 4. Nxd4 Nf6 5. Nc3 e5 6. Ndb5 d6 7. Bg5 a6 8. Na3 Be6 9. Bxf6 Qxf6 10. Nd5 Qd8 11. Nc4 Nd4 12. Ncb6 Rb8 13. c3 Nc6 14. Qa4 Be7 15. Bxa6 Bxd5 16. Nxd5 Ra8 17. Qb5 bxa6 18. Qxc6+ Kf8 19. 0-0 Ra7 20. Rfd1 Bg5 21. Nb4 a5 22. Rxd6 Qb8 23. Nd3 g6 24. Qd5 Qe8 25. Nxe5 Be7 26. Nd7+ Kg8 27. Rd1 h5 28. Rxg6+ Kh7 29. Qxh5# 1-0

[Event "SVK-chT 1112"]
[Site "Slovakia"]
[Date "2012.03.11"]
[Round "11.3"]
[White "Jurcik, Martin"]
[Black "Varga, David"]
[Result "1-0"]
[WhiteElo "2355"]
[BlackElo "2355"]
[PlyCount "103"]
[EventDate "2011.10.22"]
[EventType "team-tourn"]
[EventRounds "11"]
[EventCountry "SVK"]
[SourceTitle "EXT 2013"]
[Source "ChessBase"]
[SourceDate "2012.11.22"]
[SourceVersion "1"]
[SourceVersionDate "2012.11.22"]
[SourceQuality "1"]
[WhiteTeam "Cadca"]
[BlackTeam "Dunajska Streda"]
[WhiteTeamCountry "SVK"]
[BlackTeamCountry "SVK"]

1. e4 e5 2. Nf3 Nf6 3. Nxe5 d6 4. Nf3 Nxe4 5. d4 d5 6. Bd3 Nc6 7. 0-0 Be7 8. Re1 Bg4 9. c3 f5 10. Qb3 0-0 11. Nbd2 Kh8 12. Qxb7 Rf6 13. Qb3 Rb8 14. Qa4 Bd6 15. h3 Bh5 16. Bb5 Ne7 17. Ne5 c6 18. Be2 Be8 19. Qc2 Ng6 20. Ndf3 Qb6 21. Nd3 Rb7 22. b4 Bb8 23. Bf1 Re7 24. Nde5 Nf8 25. Bf4 Ne6 26. Bh2 Bh5 27. Nd2 Nxf2 28. Nb3 Ne4 29. Nc5 N6xc5 30. bxc5 Qa5 31. Rab1 Bxe5 32. Bxe5 Rfe6 33. Bd3 h6 34. Bxe4 fxe4 35. Qd2 Rf7 36. Rf1 Rxf1+ 37. Rxf1 Kh7 38. Qf2 Rg6 39. Kh2 Qxc3 40. g4 e3 41. Qe2 Bxg4 42. hxg4 Re6 43. Rf3 Rxe5 44. dxe5 Qxe5+ 45. Kg2 d4 46. Qd3+ Kg8 47. Qf5 Qb8 48. Qe6+ Kh8 49. Qb3 Qe8 50. Qf7 Qxf7 51. Rxf7 d3 52. Rd7 1-0

[Event "SVK-chT 1112"]
[Site "Slovakia"]
[Date "2012.02.11"]
[Round "7.5"]
[White "Pinter, Erik"]
[Black "Varga, David"]
[Result "1-0"]
[WhiteElo "2383"]
[BlackElo "2355"]
[PlyCount "66"]
[EventDate "2011.10.22"]
[EventType "team-tourn"]
[EventRounds "11"]
[EventCountry "SVK"]
[SourceTitle "EXT 2013"]
[Source "ChessBase"]
[SourceDate "2012.11.22"]
[SourceVersion "1"]
[SourceVersionDate "2012.11.22"]
[SourceQuality "1"]
[WhiteTeam "Trencin"]
[BlackTeam "Dunajska Streda"]
[WhiteTeamCountry "SVK"]
[BlackTeamCountry "SVK"]

1. e4 e5 2. Nf3 Nf6 3. Nxe5 d6 4. Nf3 Nxe4 5. Nc3 Nxc3 6. dxc3 Be7 7. Be3 Nc6 8. Qd2 Be6 9. 0-0-0 Qd7 10. Kb1 Ne5 11. Nd4 Nc4 12. Bxc4 Bxc4 13. Bg5 f6 14. Bf4 0-0 15. h4 Bf7 16. g4 Qxg4 17. h5 Kh8 18. Rdg1 Qd7 19. Qd3 Rg8 20. Nf5 g5 21. hxg6 Rxg6 22. b3 Rxg1+ 23. Rxg1 Be6 24. Nxe7 Qxe7 25. Qe3 Qf7 26. Bh6 Rg8 27. Rxg8+ Qxg8 28. Qxa7 Qg6 29. Qb8+ Bg8 30. Qf8 Qf7 31. Qd8 Qg6 32. Bf8 h5 33. Be7 Qf7 1-0

[Event "CZE-chT1W 1112"]
[Site "Czech Republic"]
[Date "2012.01.29"]
[Round "7.3"]
[White "Kozak, Milos"]
[Black "Varga, David"]
[Result "1/2-1/2"]
[WhiteElo "2191"]
[BlackElo "2355"]
[PlyCount "29"]
[EventDate "2011.10.02"]
[EventType "team-tourn"]
[EventRounds "11"]
[EventCountry "CZE"]
[SourceTitle "EXT 2013"]
[Source "ChessBase"]
[SourceDate "2012.11.22"]
[SourceVersion "1"]
[SourceVersionDate "2012.11.22"]
[SourceQuality "1"]
[WhiteTeam "Postovni sporitelna II"]
[BlackTeam "Praha Holdia II"]
[WhiteTeamCountry "CZE"]
[BlackTeamCountry "CZE"]

1. d4 Nf6 2. c4 g6 3. Nf3 Bg7 4. Nc3 0-0 5. e4 d6 6. Be2 e5 7. 0-0 Nc6 8. d5 Ne7 9. b4 Nd7 10. Nd2 f5 11. c5 dxc5 12. bxc5 Nxc5 13. Ba3 Nd7 14. Nb5 Bf6 15. Qb3 1/2-1/2

[Event "Trnava Reti Memorial op"]
[Site "Trnava"]
[Date "2011.09.03"]
[Round "8"]
[White "Mazur, Stefan"]
[Black "Varga, David"]
[Result "1-0"]
[WhiteElo "2386"]
[BlackElo "2364"]
[PlyCount "69"]
[EventDate "2011.08.29"]
[EventType "swiss"]
[EventRounds "9"]
[EventCountry "SVK"]
[SourceTitle "CBM 144 Extra"]
[Source "ChessBase"]
[SourceDate "2011.10.28"]
[SourceVersion "1"]
[SourceVersionDate "2011.10.28"]
[SourceQuality "1"]

1. e4 e5 2. Nf3 Nf6 3. Nxe5 d6 4. Nf3 Nxe4 5. d4 d5 6. Bd3 Nc6 7. 0-0 Be7 8. c4 Nb4 9. cxd5 Nxd3 10. Qxd3 Qxd5 11. Re1 Bf5 12. g4 Bg6 13. Nc3 Nxc3 14. Qxc3 f6 15. Nh4 Kf8 16. Bf4 c6 17. Ng2 Rd8 18. Bc7 Rd7 19. Nf4 Qb5 20. Rxe7 Rxe7 21. Bd6 Ke8 22. Bxe7 Kxe7 23. a4 Qb6 24. Re1+ Kd8 25. Ne6+ Kc8 26. a5 Qb5 27. Nc5 Re8 28. Rxe8+ Bxe8 29. Qe3 Kd8 30. Qe6 a6 31. Qd6+ Kc8 32. Qe7 Bg6 33. Qd7+ Kb8 34. Qd8+ Ka7 35. Nd7 1-0

[Event "SVK-ch op-A"]
[Site "Banska Stiavnica"]
[Date "2011.07.17"]
[Round "9"]
[White "Straka, Jozef1111"]
[Black "Varga, David"]
[Result "1/2-1/2"]
[WhiteElo "2305"]
[BlackElo "2364"]
[PlyCount "64"]
[EventDate "2011.07.09"]
[EventType "swiss"]
[EventRounds "9"]
[EventCountry "SVK"]
[SourceTitle "CBM 143 Extra"]
[Source "ChessBase"]
[SourceDate "2011.08.29"]
[SourceVersion "1"]
[SourceVersionDate "2011.08.29"]
[SourceQuality "1"]

1. d4 d5 2. c4 c6 3. Nf3 Nf6 4. e3 Nbd7 5. Nbd2 g6 6. Bd3 Bg7 7. 0-0 0-0 8. h3 Re8 9. Qc2 e5 10. dxe5 Nxe5 11. Nxe5 Rxe5 12. Nf3 Rh5 13. Rd1 Qe7 14. Nd4 Ne4 15. Bxe4 dxe4 16. Ne2 Be5 17. Ng3 Rg5 18. Qxe4 Bf5 19. Qf3 Bxg3 20. e4 Bxe4 21. Bxg5 Bxf3 22. Bxe7 Bxd1 23. Rxd1 Be5 24. Rd7 b5 25. cxb5 cxb5 26. Rd5 Bxb2 27. Rxb5 Bd4 28. Rd5 Bb6 29. Bc5 Rc8 30. Bxb6 axb6 31. Rb5 Rc6 32. a4 Kg7 1/2-1/2

[Event "SVK-ch op-A"]
[Site "Banska Stiavnica"]
[Date "2011.07.11"]
[Round "3"]
[White "Gonda, Laszlo"]
[Black "Varga, David"]
[Result "1-0"]
[WhiteElo "2512"]
[BlackElo "2364"]
[PlyCount "157"]
[EventDate "2011.07.09"]
[EventType "swiss"]
[EventRounds "9"]
[EventCountry "SVK"]
[SourceTitle "CBM 143 Extra"]
[Source "ChessBase"]
[SourceDate "2011.08.29"]
[SourceVersion "1"]
[SourceVersionDate "2011.08.29"]
[SourceQuality "1"]

1. d4 d5 2. c4 c6 3. Nf3 Nf6 4. Nc3 dxc4 5. a4 Bf5 6. e3 e6 7. Bxc4 Be7 8. 0-0 0-0 9. Qe2 Ne4 10. Nd2 Nxd2 11. Bxd2 Bg6 12. Rfd1 Nd7 13. e4 Nb6 14. a5 Nxc4 15. Qxc4 Bh5 16. f3 Qd6 17. Ne2 e5 18. Bc3 exd4 19. Nxd4 Rfd8 20. a6 Qc5 21. Qxc5 Bxc5 22. axb7 Rab8 23. Kf1 Bxd4 24. Rxd4 Rxd4 25. Bxd4 Rxb7 26. Ra6 f6 27. Rxc6 Be8 28. Rc8 Kf7 29. Kf2 Bb5 30. Ke3 a6 31. f4 Bf1 32. g4 Bh3 33. Ra8 Bf1 34. h4 Re7 35. Rh8 Bg2 36. e5 fxe5 37. Bxe5 h6 38. Rd8 Bh3 39. Kf3 Bf1 40. h5 Bb5 41. Rd6 Kg8 42. Ke3 Bd7 43. Rg6 Bb5 44. Ke4 Rd7 45. f5 Kh7 46. Kf4 Be2 47. Ke3 Bd1 48. Bd4 Re7+ 49. Kf4 Rd7 50. Bc3 Rc7 51. Rd6 Be2 52. Bd4 Re7 53. Rd8 Bb5 54. Rf8 Bc6 55. Be5 Bd5 56. Rd8 Bc6 57. Rc8 Bb7 58. Rb8 Bc6 59. f6 Rf7 60. g5 g6 61. gxh6 gxh5 62. Kg5 h4 63. Rb3 Bg2 64. Kxh4 Kxh6 65. Rg3 Bd5 66. Bf4+ Kh7 67. Kg5 Kg8 68. Kf5+ Kf8 69. Bd6+ Ke8 70. Ke5 Bc4 71. Rc3 Bb5 72. Rc8+ Kd7 73. Rh8 Bc4 74. Be7 Bb3 75. Rd8+ Kc6 76. Rd3 Ba2 77. Ra3 Bb1 78. Ke6 Bg6 79. Rh3 1-0

[Event "SVK-chT 1011"]
[Site "Slovakia"]
[Date "2011.03.12"]
[Round "7.6"]
[White "Varga, David"]
[Black "Kovacik, Emil"]
[Result "1-0"]
[WhiteElo "2362"]
[BlackElo "2232"]
[PlyCount "121"]
[EventDate "2010.11.27"]
[EventType "team-tourn"]
[EventRounds "11"]
[EventCountry "SVK"]
[SourceTitle "EXT 2012"]
[Source "ChessBase"]
[SourceDate "2011.11.24"]
[SourceVersion "1"]
[SourceVersionDate "2011.11.24"]
[SourceQuality "1"]
[WhiteTeam "Dunajska Streda"]
[BlackTeam "Dubnica nad Vahom"]
[WhiteTeamCountry "SVK"]
[BlackTeamCountry "SVK"]

1. e4 e6 2. d4 d5 3. Nc3 Nf6 4. Bg5 Bb4 5. e5 h6 6. Bd2 Bxc3 7. bxc3 Ne4 8. Qg4 g6 9. Bd3 Nxd2 10. Kxd2 c5 11. h4 Nc6 12. Nf3 c4 13. Be2 Bd7 14. Qf4 Qe7 15. Nh2 0-0-0 16. Ng4 Rdf8 17. h5 g5 18. Qh2 Nxd4 19. cxd4 Qb4+ 20. Kd1 Qb2 21. Rc1 Qxd4+ 22. Ke1 Qb2 23. Rd1 Ba4 24. Ne3 Bxc2 25. Nxc2 Qxc2 26. Qg3 Kb8 27. a3 Rd8 28. Qe3 Rd7 29. Qd4 Rc8 30. Rh3 c3 31. Bb5 Rdc7 32. Qa4 Qf5 33. Re3 g4 34. Rc1 g3 35. Rxg3 Qxe5+ 36. Be2 d4 37. Qc2 Qd6 38. Rd1 e5 39. Bd3 Qxa3 40. Rf3 Re8 41. Be4 Re6 42. Bd5 Rb6 43. Rxf7 Rxf7 44. Bxf7 Rb2 45. Qf5 Qa5 46. Rc1 c2+ 47. Ke2 Qb5+ 48. Qd3 e4 49. Qxb5 Rxb5 50. Bg6 Re5 51. Kd2 e3+ 52. fxe3 dxe3+ 53. Kxc2 Rc5+ 54. Kb2 Rb5+ 55. Ka3 Rg5 56. Re1 Rxg2 57. Rxe3 b5 58. Kb4 Rb2+ 59. Kc5 b4 60. Kc6 Rc2+ 61. Bxc2 1-0

[Event "SVK-chT2A 10/11"]
[Site "Slovakia"]
[Date "2011.03.05"]
[Round "8.2"]
[White "Tepper, Frantisek"]
[Black "Varga, David"]
[Result "1/2-1/2"]
[WhiteElo "2162"]
[BlackElo "2360"]
[PlyCount "83"]
[EventDate "2010.10.23"]
[EventType "team-tourn"]
[EventRounds "11"]
[EventCountry "SVK"]
[SourceTitle "EXT 2019"]
[Source "ChessBase"]
[SourceDate "2018.10.10"]
[SourceVersion "1"]
[SourceVersionDate "2018.10.10"]
[SourceQuality "1"]
[WhiteTeam "Bratislava Doprastav"]
[BlackTeam "Dunajska Streda SK II"]
[WhiteTeamCountry "SVK"]
[BlackTeamCountry "SVK"]

1. e4 e5 2. Nf3 Nf6 3. Nxe5 d6 4. Nf3 Nxe4 5. Qe2 Qe7 6. d3 Nf6 7. Qxe7+ Bxe7 8. Be2 Nc6 9. Bd2 Bg4 10. h3 Bh5 11. Nc3 d5 12. g4 Bg6 13. 0-0-0 d4 14. Nb5 0-0-0 15. Bf4 Nd5 16. Bg3 Rhe8 17. Bf1 Bc5 18. Nd2 a6 19. Nb3 Bb6 20. Na3 f5 21. Bg2 Ba7 22. Nc4 b5 23. Nca5 Nxa5 24. Nxa5 f4 25. Bh4 Rd6 26. Rhe1 Bb6 27. Nb3 Rf8 28. Bxd5 Rxd5 29. Re7 Bf7 30. f3 c5 31. Re2 g5 32. Bf2 Kd7 33. Rde1 Re8 34. Rxe8 Bxe8 35. Nd2 Ba5 36. Re2 Bxd2+ 37. Kxd2 Bf7 38. b3 Kd6 39. Re1 Be6 40. h4 h6 41. hxg5 hxg5 42. a3 1/2-1/2